000 00631nam a22002417a 4500
003 UA-OsUOA
001 22365
007 ta
008 20031219b un ||||| |||| 00| 0 ukr d
090 _a141.12
_bЛ93
942 _cBK
040 _aUA-OsUOA
_brus
_cUA-OsUOA
_dUA-OsUOA
245 _aЛюдвиг Фейербах
_bИзбранные философские произведения
_cМ.М.Григорьяна
300 _a943 с.
955 _a0
041 _arus
080 _a141.12
260 _aМосква
_bПолитиздат
_c1955
246 3 1 _aТ.2
_n
044 _aRU
650 7 _2UDC
999 _c308583
_d308583